The world's great sermons, (Record no. 4811)
[ view plain ]
| 000 -LEADER | |
|---|---|
| fixed length control field | 01068cam a22002531 4500 |
| 001 - CONTROL NUMBER | |
| control field | 22665 |
| 003 - CONTROL NUMBER IDENTIFIER | |
| control field | GBCCL |
| 005 - DATE AND TIME OF LATEST TRANSACTION | |
| control field | 20241126110527.0 |
| 008 - FIXED-LENGTH DATA ELEMENTS--GENERAL INFORMATION | |
| fixed length control field | 790405s1908 xx 000 0 eng |
| 010 ## - | |
| -- | 08033883 |
| 035 ## - SYSTEM CONTROL NUMBER | |
| System control number | (OCoLC)01245960 |
| 040 ## - CATALOGING SOURCE | |
| Original cataloging agency | DLC |
| Transcribing agency | DLC |
| 049 ## - | |
| -- | LBBK |
| -- | 1-10 |
| 050 00 - | |
| -- | BV4241 |
| -- | .K6 |
| 082 ## - DEWEY DECIMAL CLASSIFICATION NUMBER | |
| Classification number | 252 |
| Item number | WOR |
| 100 1# - MAIN ENTRY--PERSONAL NAME | |
| Personal name | Kleiser, Grenville, |
| Dates associated with a name | 1868-1953, |
| Relator term | comp. |
| 9 (RLIN) | 8778 |
| 245 14 - TITLE STATEMENT | |
| Title | The world's great sermons, |
| Statement of responsibility, etc. | comp. by Grenville Kleiser ... with assistance from many of the foremost living preachers and other theologians; introduction by Lewis O. Brastow ... |
| 260 ## - PUBLICATION, DISTRIBUTION, ETC. | |
| Place of publication, distribution, etc. | New York and London, |
| Name of publisher, distributor, etc. | Funk & Wagnalls company |
| Date of publication, distribution, etc. | [c1908] |
| 300 ## - PHYSICAL DESCRIPTION | |
| Extent | 10 v. |
| Dimensions | 16 cm. |
| 505 0# - FORMATTED CONTENTS NOTE | |
| Formatted contents note | v.1. Basil to Calvin -- v.2. Hooker to South -- v.3. Massillon to Mason -- v.4. L. Beecher to Bushnell -- v.5. Guthrie to Mozley -- v.6. H. W. Beecher to Punshon -- v.7. Hale to Farrar -- v.8. Talmage to Little -- v.9. Cuyler to Van Dyke -- v.10. Gore to Jowett. |
| 520 ## - SUMMARY, ETC. | |
| Summary, etc. | Lloyd M. Perry Collection |
| 650 #0 - SUBJECT ADDED ENTRY--TOPICAL TERM | |
| Topical term or geographic name entry element | Sermons. |
| 9 (RLIN) | 6067 |
| 942 ## - ADDED ENTRY ELEMENTS (KOHA) | |
| Source of classification or shelving scheme | Dewey Decimal Classification |
| Koha item type | Books |
| Withdrawn status | Lost status | Source of classification or shelving scheme | Damaged status | Not for loan | Home library | Current Library | Shelving location | Date acquired | Total checkouts | Full call number | Barcode | Date last seen | Copy number | Price effective from | Koha item type |
|---|---|---|---|---|---|---|---|---|---|---|---|---|---|---|---|
| Dewey Decimal Classification | GRACE BIBLE COLLEGE | GRACE BIBLE COLLEGE | Ministry & Mission | 2018-02-07 | 252 WOR | 001564 | 2025-05-01 | v.1 | 2018-02-07 | Books | |||||
| Dewey Decimal Classification | GRACE BIBLE COLLEGE | GRACE BIBLE COLLEGE | Ministry & Mission | 2018-02-15 | 252 WOR | 001565 | 2025-05-01 | v.2 | 2018-02-15 | Books | |||||
| Dewey Decimal Classification | GRACE BIBLE COLLEGE | GRACE BIBLE COLLEGE | Ministry & Mission | 2018-02-15 | 252 WOR | 001566 | 2025-05-01 | v.3 | 2018-02-15 | Books | |||||
| Dewey Decimal Classification | GRACE BIBLE COLLEGE | GRACE BIBLE COLLEGE | Ministry & Mission | 2018-02-15 | 252 WOR | 001567 | 2025-05-01 | v.4 | 2018-02-15 | Books | |||||
| Dewey Decimal Classification | GRACE BIBLE COLLEGE | GRACE BIBLE COLLEGE | Ministry & Mission | 2018-02-15 | 252 WOR | 001568 | 2025-05-01 | v.5 | 2018-02-15 | Books | |||||
| Dewey Decimal Classification | GRACE BIBLE COLLEGE | GRACE BIBLE COLLEGE | Ministry & Mission | 2018-02-15 | 252 WOR | 001569 | 2025-05-01 | v.6 | 2018-02-15 | Books | |||||
| Dewey Decimal Classification | GRACE BIBLE COLLEGE | GRACE BIBLE COLLEGE | Ministry & Mission | 2018-02-15 | 252 WOR | 001571 | 2025-05-01 | v.7 | 2018-02-15 | Books | |||||
| Dewey Decimal Classification | GRACE BIBLE COLLEGE | GRACE BIBLE COLLEGE | Ministry & Mission | 2018-02-15 | 252 WOR | 001572 | 2025-05-01 | v.8 | 2018-02-15 | Books | |||||
| Dewey Decimal Classification | GRACE BIBLE COLLEGE | GRACE BIBLE COLLEGE | Ministry & Mission | 2018-02-15 | 252 WOR | 001573 | 2025-05-01 | v.9 | 2018-02-15 | Books | |||||
| Dewey Decimal Classification | GRACE BIBLE COLLEGE | GRACE BIBLE COLLEGE | Ministry & Mission | 2018-02-15 | 252 WOR | 001576 | 2025-05-01 | v.10 | 2018-02-15 | Books |